00802nam a2200181 a 4500020002700000020003000027082001600057100003300073245002700106250001200133260003900145300001400184490002800198500002700226520025900253650003800512856007000550 a0070634246 (paperback) a9780070634244 (paperback) a621.381 MAL1 aMalvino, AlbertaBates,David10aElectronic principles  a7th ed. a[S.l.] :bTata McGraw-Hill,c2006. a1018 p. ;1 aSpecial indian edition. aInternational Edition. aBook is brand new. It says Indian edition but it's literally the same as all the others. It's like any international edition, it is mainly the same as the normal copy but cheaper. The only difference really is some of the problems are in different spots. aelectronics,electronic principles40uhttp://www.amazon.com/exec/obidos/ASIN/0070634246/chopaconline-20